Tilastot visalle Espanja-visa

Klikkaa tästä pelataksesi tätä visaa!

Yleistilastot

  • Tätä visaa on pelattu 1 053 kertaa
  • Keskiarvotulos 13 / 28

Vastaustilastot

VihjeVastaus% Oikein
PääkaupunkiMadrid
100%
Toiseksi väkirikkain kaupunkiBarcelona
94%
NaapurimaatPortugali
90%
NaapurimaatRanska
89%
NaapurimaatAndorra
83%
Perinteinen iltapäivän lepo tai päiväunetSiesta
69%
Espanja espanjaksiEspaña
68%
Alue, jolla ylläoleva sijaitseeKatalonia
68%
Jalkapallon pääsarjaLa Liga
56%
Väkirikkaimmat saaretMallorca
56%
Vuoristo, joka erottaa Espanjan ja RanskanPyreneet
56%
Espanjan ja Portugalin niemimaa{Pyreneiden} niemimaa
50%
Väkirikkaimmat saaretTeneriffa
47%
Diktaattori vuosina 1939–1975Francisco Franco
46%
Pohjoinen kaupunki, jossa Guggenheimin
museo sijaitsee
Bilbao
39%
Väkirikkaimmat saaretGran Canaria
38%
"Guernican" maalaajaPablo Picasso
38%
Entinen valuuttaPeseta
37%
Vuosi, jolloin Kolumbus löysi Amerikan1492
30%
Härkäjuoksun kaupunkiPamplona
29%
Tämänhetkinen kuningasFelipe VI
21%
Paellan maustava punainen mausteSahrami
21%
"La Manchan mies"Don Quijote
18%
Mies ja vaimo, jotka yhdistivät EspanjanIsabella
16%
Mies ja vaimo, jotka yhdistivät EspanjanFerdinand
14%
Asteekkien valloittajaHernán Cortés
14%
Inkojen valloittajaFrancisco Pizarro
12%
Yllä olevan henkilön sisältävän kirjan kirjoittajaMiguel de Cervantes
12%

Tulosjakauma

Persentiili vastausten määrän mukaan

Jokaisen tuloksen saaneiden osuus

Tuloshistoriasi

Et ole pelannut tätä visaa